00545nam a2200145Ia 4500003000900000008004100009020002600050040001600076100002700092245009200119260003200211300002000243490003300263856010300296IN-BaIIA211028s9999 xx s 000 0 eng d a9781628419085 (Print) cIIA Library aRomanovskii, Oleg, ed. 0a21st International Symposium Atmospheric and Ocean Optics: Atmospheric Physicsh[eBook] aWashington, USAbSPIEc2015 aOnline resource aProceedings of SPIE; V. 9680 uhttps://www.spiedigitallibrary.org/conference-proceedings-of-spie/9680yClick Here to Access eBook